000 01524nam a22002417a 4500
001 6711
003 FISKH
005 20250521144554.0
008 250521b cb ||||| |||| 00| 0 eng d
040 _aFISKH
_bkhr
_cFISKH
_dFISKH
082 _a641.5
100 _aChhengleang, Leap
245 _aវិជ្ជាមេផ្ទះ វិជ្ជាធ្វើម្ហុបបែបខ្មែរ /
_cអ្នកស្រី លាប ឆេងលាង​
260 _aភ្នំពេញ :
_bសុឺង ណាំហុង​ ,
300 _a126 pages :
_billustrations ;
_c21 cm.
520 _aសៀវភៅ «វិជ្ជាធ្វើម្ហូបទំនើប» ដែលរៀបរៀងដោយ អ្នកស្រី លាប ឆេងលាង គឺជាសៀវភៅធ្វើម្ហូបខ្មែរដែលផ្តោតលើការបង្ហាញវិធីធ្វើម្ហូបប្រពៃណីខ្មែរដោយប្រើប្រាស់គ្រឿងផ្សំទំនើប និងបច្ចេកទេសថ្មីៗ។
520 _aThe book "Modern Khmer Cooking", compiled by Ms. Leap Cheng Leang, is a Khmer cookbook that focuses on presenting traditional Khmer recipes using modern ingredients and contemporary techniques.
650 _aវិជ្ជាធ្វើម្ហូប
650 _aCooking method
700 _aNamhong, Soeung
_eIllustrator
942 _2ddc
_cKHB
_n0
999 _c6711
_d6711